Normal view
MARC view
- Siede, Isabelino A.
Entry Nombre Personal
001 - NUMERO DE CONTROL
- campo de control: 34750
003 - IDENTIFICADOR DE NUMERO DE CONTROL
- campo de control: UPN
005 - FECHA Y HORA DE LA ÜLTIMA TRANSACCIÓN
- campo de control: 20240906110843.0
008 - DATOS DE LONGITUD FIJA
- campo de control de longitud fija: nabaccnnaabn|||||||||| b |nc|||||d
035 ## - NUMERO DE CONTROL
- Número de control: UPN11000006857
040 ## - FUENTE DE CATALOGACIÓN
- Lenguaje de catalogación: SPA
- Agencia de transcripción: UPN
- Agencia original de catalogación: MX-MxUPN
100 1# - ENCABEZAMIENTO - NOMBRE PERSONAL
- Nombre personal: Siede, Isabelino A.
400 1# - VEÁSE - NOMBRE DE PERSONA
- Personal name: Siede, Isabelino
670 ## - FUENTE EN LA QUE SE LOCALIZARON DATOS
- Cita de la fuente: T
- Uniform Resource Identifier: http://educacion.flacso.org.ar/curriculums/isabelino-siede
680 ## - NOTA PUBLICA DE ACCESO PÚBLICO
- Frase explicativa de la referencia: Profesor argentino con maestría en ética aplicada
902 ## - CATALOGADOR
- Catalogador: CAA/100214
